Επιστημονική επετηρίδα του Παιδαγωγικού Τμήματος Δ.Ε.. Νο 6 /

Αποθηκεύτηκε σε:
Λεπτομέρειες βιβλιογραφικής εγγραφής
Συγγραφή απο Οργανισμό/Αρχή: Πανεπιστήμιο Ιωαννίνων
Μορφή: Βιβλίο
Γλώσσα:Greek
Δημοσίευση: Ιωάννινα : Πανεπιστήμιο Ιωαννίνων, 1993
Θέματα:
Ετικέτες: Προσθήκη ετικέτας
Δεν υπάρχουν, Καταχωρήστε ετικέτα πρώτοι!

MARC

LEADER 00000nam a2200000 i 4500
001 1/8214
008 000626s1993 gre d
035 |l 10062591 
040 |a GR-MY-UA  |b gre  |e aacr 
041 0 |a gre 
082 0 |a 370.05 
110 2 |a Πανεπιστήμιο Ιωαννίνων. 
245 1 0 |a Επιστημονική επετηρίδα του Παιδαγωγικού Τμήματος Δ.Ε..  |n Νο 6 /  |c Πανεπιστήμιο Ιωαννίνων 
246 3 3 |a Επιστημονική επετηρίδα του Παιδαγωγικού τμήματος Δημοτικής Εκπαίδευσης 
260 |a Ιωάννινα :   |b Πανεπιστήμιο Ιωαννίνων,   |c 1993 
300 |a 181 σ.;  |c 22 εκ. 
610 2 0 |a Πανεπιστήμιο Ιωαννίνων. 
650 0 0 |a Education  |x Yearbooks. 
852 |a INST  |b RHODES  |e 20000626  |h 370.05 ΠΑΝ  |p 005400007472  |q 005400007472  |t BK  |y 0 
852 |a INST  |b RHODES  |e 20000626  |h 370.05 ΠΑΝ  |p 005400007473  |q 005400007473  |t BK  |y 0 
909 |a Ρ  |b 028389 
909 |a Ρ  |b 028390 
922 |a 4ΔΩΡ  |b 199405  |d ΔΩΡΕΑ 
970 |z 2000/06/ΔΕΜΕΝΑΓΑΣ (ELIDOC)